1723 1734 1588 1368 1354 1022 1330 1706 1866 1994 1758 1972 1455 1932 1172 1641 1393 1052 1797 1982 1777 1374 1726 1783 1651 1322 1119 1831 1493 1462 1909 1560 1478 1282 1033 1426 1268 1918 1880 1586 1476 1939 1202 1170 1532 1360 1735 1742 1533 1488 1287 1377 1714 1549 1995 1123 1043 1065 1832 1942 1868 1804 1221 1816 1569 1320 1217 1412 1992 1524 1096 1456 1710 1386 1758 1906 1629 1229 1255 1604 1349 1681 1620 1496 1054 1597 1668 1291 1576 1919 1005 1960 1533 1484 1233 1613 1011 1148 1387 BCNSPRNW ULIB Ver.6.0+V

เปลี่ยนเป็นภาษาไทย

Change to English
 แสดงรายละเอียดบรรณานุกรม
  กลับหน้าหลัก

Brief Record : Get Marc (ISO 2709) : E-mail record : QR code < ปิดหน้าต่าง
LEADER : 00000nam 2200000uu 4500
001    13399110626
003     ULIB
008    110410s2550||||th 000 0 tha d
060 04 WR140^bว432ร 2550
100 0  วันทนีย์ บุญบงการ
245 10 ความรู้เรื่องโรค:^bโรคทางผิวหนัง /^cโดย วันทนีย์ บุญบงการ
250    พิมพ์ครั้งที่ 1
260    กรุงเทพฯ :^bยูบุ๊ค,^c2550
300    78 หน้า :^bภาพประกอบสี
650  7 โรคทางผิวหนัง
945    ^p625^l0^i026628
995    ทศพร
999 ^a ใช้งานได้ทุกระบบ
รายการนี้ยังไม่มีแท็ก
คุณยังไม่ได้ล็อกอิน คุณสามารถมีกิจกรรมร่วมกับเว็บไซต์ได้ แต่ต้องล็อกอินก่อน ::
  ล็อกอิน

รายการสื่อสารสนเทศ

ลำดับที่ ประเภท เลขเรียก/บาร์โค้ด สถานที่ สถานะ
- ไม่พบข้อมูล -

รายการใกล้เคียง
    ผู้แต่ง [วันทนีย์ บุญบงการ]

    หัวเรื่อง [โรคทางผิวหนัง]

BibComment


ยังไม่เคยถูกคอมเมนท์

คอมเมนท์ทรัพยากรรายการนี้
  คอมเมนท์: ความรู้เรื่องโรค ..


 Copyright 2026. Bcnsprnw @Library